000 00417nam a2200157 i 4500
001 bg
100 1 _aMÜLLER, Hans Jurgen
245 0 _aMessen und Regeln in der Heizungs-, Lüftungs- und Sanitärtechnik /
_cH.J. Müller, U. Dümmel.
260 _aBerlin,
_c1968.
700 1 _aDÜMMEL, Ulrich
040 _cBPK
041 _apol
080 _a697:62-5
942 _cKS
008 s pl f |000 0 pol
999 _c9050
_d9050
856 _uhttp://koha.tu.koszalin.pl/cgi-bin/koha/opac-detail.pl?biblionumber=9050
_yKatalog online BPK